000 02098cam a22004694i 4500
003 PE-LiUPU
005 20250731172948.0
008 150623s r 000 0 d
020 _a1565632729
035 _a(Sirsi) i9781565632721
040 _aPE-LiUPU
_bspa
_cPE-LiUPU
_erda
049 _aPRUA
082 0 4 _a270.9
_bC22
_221
100 1 _aCampenhausen, Hans von,
_d1903-1989,
_eautor.
245 1 0 _aEcclesiastical authority and spiritual power :
_bIn the church of the first three centuries /
_cHans von Campenhausen ; traducido por J.A. Baker.
264 1 _aPeabody, MA. :
_bHendrickson Publishers,
_c1997.
300 _a308 páginas ;
_c22 cm.
336 _atext
_2rdacontent
337 _aunmediated
_2rdamedia
338 _avolume
_2rdacarrier
504 _aBibliografía al pié de páginas.
505 0 _aThe authority of Jesus. -The apostles. -Apostolic authority and the freedom of the congregation in the thought of paul. -Spirit and authority in the pauline congregation. -The system of elders and the beginnings of official authority. -The power of the keys in the primitive church. -Tradition and succession in the second century. -Prophets and teachers in the second century. -The church in the west, the conflict over repentance. -Church office and authority in the time of origen. -Ciprian and the episcopate.
526 _aSEG42
526 _aSEG41
526 _aSEG40
526 _aSEG39
526 _aP94
526 _aP87
526 _aP86
526 _aP85
526 _aP77
526 _aP76
526 _aP35
650 0 4 _aIglesia
_xAutoridad.
650 0 4 _aIglesia
_xHistoria de las doctrinas
_ylglesia primitiva, ca. 30-600.
942 _2ddc
_cBOOK
949 _a270.9 C22
_wDEWEY
_c1
_i48047
_lCCODEBUL1
_mBUL
_r0
_sY
_tBOOK
_u2015-6-24
_xTEOLOGIA
_PP35
_0COMPRA
_o.STAFF. Colección General
994 _aC0
_bPEPRU
596 _a1
999 _a270.1 C22
_wDEWEY
_c21687
_i44817
_f2021-11-11
_g5
_lCCODEBUL1
_mBUL
_r0
_sY
_tBOOK
_u2015-6-24
_xTEOLOGIA
_PP35
_0COMPRA
_o.STAFF. Colección General
_d21687
980 _81
_gALBERTO SANCHEZ Responsable de Automatización